ALAI entrevista a la liga socialista (Puerto Rico)

সংরক্ষণ করুন:
গ্রন্থ-পঞ্জীর বিবরন
বিন্যাস: পাঠ‍্য
ভাষা:Spanish
বিষয়গুলি:
ট্যাগগুলো: ট্যাগ যুক্ত করুন
কোনো ট্যাগ নেই, প্রথমজন হিসাবে ট্যাগ করুন!

MARC

LEADER 00000 a a2200000 04500
001 17913
003 cru CIDCACS/IIS
005 20191115144920.0
008 191115b ||||| |||| 00| 0 spa d
999 |c 35531  |d 35531 
040 |c cru CIDCACS/IIS 
245 |a ALAI entrevista a la liga socialista (Puerto Rico)  
650 |a POLITICA  
650 |a MARINA  
650 |a ECONOMIA  
650 |a INMIGRACION  
650 |a INDEPENDENCIA  
650 |a PUERTO RICO  
773 |g volumen 4, número 13; (1980) páginas 151-152  
942 |2 ddc  |c PP 
773 0 |0 42391  |9 3813  |a Agencia Latinoamericana de Información, ALAI  |d Quito, Ecuador: ALAI  |o 04315  |t ALAI:  |x 08275564 (Servicio mensual de información y documentación)